zpět

Detail výsledku týmu

Bluesbar Garch, Olomouc

Datum a čas kvízu

23 Celkem bodů Celkový počet nahraných bodů na tomto kvízu bez doplňovacích otázek.
7. Pořadí na kvízu Konečné umístění týmu na tomto kvízu.

Zaznamenané odpovědi

# Otázka Odpověď Body Výsledky
1. Jedna státní instituce prostře... Státní ústav pro kontrolu léčiv 0
2. Občané jedné evropské země v c... Itálie 0
3. Ačkoli je tento formát celosvě... Polda 0
4. Čtenáři serveru Aktuálně.cz hl... T-Mobile 1
5. Jak se jmenuje dánský fotbalov... FC Midtjylland (čteme mitjulend) 0
6. Podle zdroje vody se rybníky d... říční rybník 0
7. Na obrázku vidíme u nás velmi... okoun 0
8. Jak se jmenuje červeně vyznače... Svět 1
9. Většina rybníků disponuje jist... česle / česlice 0
10. Největším českým rybníkem je s... Lužnice 1